Mukti yajña. (Record no. 70664)

MARC details
000 -LEADER
fixed length control field 00497cam a22002051 4500
001 - CONTROL NUMBER
control field sa 66006700
003 - CONTROL NUMBER IDENTIFIER
control field DLC
005 - DATE AND TIME OF LATEST TRANSACTION
control field 20260227112258.0
008 - FIXED-LENGTH DATA ELEMENTS--GENERAL INFORMATION
fixed length control field 881102s1966 xx 000 0 hino
010 ## - LIBRARY OF CONGRESS CONTROL NUMBER
LC control number sa 66006700
035 ## - SYSTEM CONTROL NUMBER
System control number (OCoLC)23560316
040 ## - CATALOGING SOURCE
Original cataloging agency DLC
Transcribing agency MiU
Modifying agency DLC
042 ## - AUTHENTICATION CODE
Authentication code premarc
050 00 - LIBRARY OF CONGRESS CALL NUMBER
Classification number PK2098.P32
Item number M8
100 1# - MAIN ENTRY--PERSONAL NAME
Personal name Panta, Sumitrānandana,
Dates associated with a name 1900-1977.
245 10 - TITLE STATEMENT
Title Mukti yajña.
260 ## - PUBLICATION, DISTRIBUTION, ETC.
Date of publication, distribution, etc. [1966?]
300 ## - PHYSICAL DESCRIPTION
Extent 86 p.
Dimensions 19 cm.
700 1# - ADDED ENTRY--PERSONAL NAME
Personal name Sinha, Savitri,
Relator term ed.

No items available.

Powered by Koha